| Tag |
First Indicator |
Second Indicator |
Subfields |
| LEADER |
00000cam a2200000 a 4500 |
| 001 |
in00001234914 |
| 005 |
20151003060911.0 |
| 008 |
940914s1995 ncuab 001 0aeng |
| 010 |
|
|
|a 94024527
|
| 020 |
|
|
|a 0786400595 (sewn softcover : alkaline paper)
|
| 035 |
|
|
|a (OCoLC)31239177
|
| 035 |
|
|
|9 AGS2872AM
|
| 040 |
|
|
|a DLC
|c DLC
|d TXA
|d UtOrBLW
|
| 049 |
|
|
|a TXAM
|
| 050 |
0 |
0 |
|a DS921.6
|b .S74 1995
|
| 082 |
0 |
0 |
|a 951.904/2
|2 20
|
| 100 |
1 |
|
|a Stephens, Rudolph W.,
|d 1930-
|
| 245 |
1 |
0 |
|a Old ugly hill :
|b a G.I.'s fourteen months in the Korean trenches, 1952-1953 /
|c by Rudolph W. Stephens.
|
| 264 |
|
1 |
|a Jefferson, N.C. :
|b McFarland & Co.,
|c [1995]
|
| 264 |
|
4 |
|c ©1995
|
| 300 |
|
|
|a 176 pages :
|b illustrations, maps ;
|c 23 cm.
|
| 336 |
|
|
|a text
|b txt
|2 rdacontent
|
| 337 |
|
|
|a unmediated
|b n
|2 rdamedia
|
| 338 |
|
|
|a volume
|b nc
|2 rdacarrier
|
| 500 |
|
|
|a Includes index.
|
| 600 |
1 |
0 |
|a Stephens, Rudolph W.,
|d 1930-
|
| 650 |
|
0 |
|a Korean War, 1950-1953
|v Personal narratives, American.
|
| 999 |
|
|
|a MARS
|
| 999 |
f |
f |
|s fb1069a8-dc60-361a-b2aa-ca1eab5509e7
|i 26cda0ca-f399-39d8-81f6-bddd9eaff909
|t 0
|
| 952 |
f |
f |
|p normal
|a Texas A&M University
|b College Station
|c Sterling C. Evans Library
|d Evans: Library Stacks
|t 0
|e DS921.6 .S74 1995
|h Library of Congress classification
|i unmediated -- volume
|m A14819316423
|
| 998 |
f |
f |
|a DS921.6 .S74 1995
|t 0
|l Evans: Library Stacks
|